|
|
|
|
| LEADER |
00000cam a2200000 i 4500 |
| 001 |
1/31799 |
| 008 |
960726m19851988gr | ||| |||| ||gre|| |
| 020 |
|
|
|a 9600404542
|
| 035 |
|
|
|1 ΕΛΗ
|a 1996
|b 2507
|c ΒΙΒΛΙΟΘΗΚΗ
|l 10038926
|
| 040 |
|
|
|a GR-MyUA
|b gre
|e AACR2
|
| 041 |
0 |
|
|a gre
|
| 082 |
7 |
|
|a 889.1
|2 (22)
|
| 100 |
1 |
|
|a Λειβαδίτης, Τάσος,
|d 1921-1988.
|
| 245 |
1 |
0 |
|a Ποίηση /
|c Τάσος Λειβαδίτης.
|
| 260 |
|
|
|a Αθήνα :
|b Κέδρος,
|c 1985-1988.
|
| 300 |
|
|
|a 3 τ. ;
|c 24 εκ.
|
| 505 |
0 |
|
|a Τ. 1. 1950-1966 -- τ. 2. 1972-1977 -- τ. 3. 1979-1987.
|
| 650 |
0 |
0 |
|a Greek poetry.
|
| 740 |
0 |
|
|a 1950-1966
|
| 740 |
0 |
|
|a 1972-1977
|
| 740 |
0 |
|
|a 1979-1987
|
| 852 |
|
|
|a INST
|b SAMOS
|e 19961206
|h 889.1 ΛΕΙ
|p 005300009329
|q 005300009329
|t BK
|y 0
|z τ.3
|
| 852 |
|
|
|a INST
|b SAMOS
|e 19961206
|h 889.1 ΛΕΙ
|p 005300009330
|q 005300009330
|t BK
|y 0
|z τ.2
|
| 852 |
|
|
|a INST
|b SAMOS
|e 19960726
|h 889.1 ΛΕΙ
|p 005300009331
|q 005300009331
|t BK
|y 0
|z τ.1
|
| 852 |
|
|
|a INST
|b SAMOS
|e 19961206
|h 889.1 ΛΕΙ
|p 005300009329
|q 005300009329
|t BK
|v τ.3:
|y 0
|z τ.3
|
| 852 |
|
|
|a INST
|b SAMOS
|e 19961206
|h 889.1 ΛΕΙ
|p 005300009330
|q 005300009330
|t BK
|v τ.2:
|y 0
|z τ.2
|
| 852 |
|
|
|a INST
|b SAMOS
|e 19960726
|h 889.1 ΛΕΙ
|p 005300009331
|q 005300009331
|t BK
|v τ.1:
|y 0
|z τ.1
|
| 853 |
|
|
|a INST
|b SAMOS
|h 889.1 ΛΕΙ
|
| 909 |
|
|
|a Σ
|b 041794
|
| 909 |
|
|
|a Σ
|b 041795
|
| 909 |
|
|
|a Σ
|b 041796
|
| 970 |
|
|
|z 1996/07
|